000 00363nam a2200133Ia 4500
008 100328s9999 xx 000 0 und d
082 _b6985
100 _aताम्हनकर ना.धो.
245 _aमाईची माया
260 _b---
630 _aमाईची माया
730 _aमाईची माया
942 _cBOOK
999 _c502842
_d502839